[Event "Milan Crespi op-B 28th"]
[Site "Milan"]
[Date "2007.12.09"]
[Round "6"]
[White "Fiorelli, Paolo"]
[Black "Cervesato, Ivan"]
[Result "0-1"]
[WhiteElo "1500"]
[BlackElo "1667"]
[PlyCount "86"]
[EventDate "2007.12.06"]
[EventType "swiss"]
[EventRounds "6"]
[EventCountry "ITA"]
[SourceTitle "EXT 2009"]
[Source "ChessBase"]
[SourceDate "2008.11.26"]
[SourceVersion "1"]
[SourceVersionDate "2008.11.26"]
[SourceQuality "1"]

1. d4 Nf6 2. c4 g6 3. Nc3 d5 4. cxd5 Nxd5 5. e4 Nxc3 6. bxc3 Bg7 7. Nf3 0-0 8. Rb1 c5 9. Be3 Nc6 10. Be2 Qa5 11. Qd2 Rd8 12. Rb5 Qa3 13. Rxc5 Qxc5 14. dxc5 Rxd2 15. Bxd2 Be6 16. a4 Na5 17. Nd4 Bb3 18. 0-0 Bc4 19. Rb1 Bxe2 20. Nxe2 Rd8 21. Bg5 Rd7 22. Nd4 Bxd4 23. cxd4 Rxd4 24. f3 f6 25. Be3 Rxa4 26. Rd1 Ra3 27. Rd8+ Kf7 28. Kf2 Ra2+ 29. Kg3 Nc4 30. Bf2 a5 31. Rb8 Rb2 32. Ra8 Ke6 33. Ra7 Kd7 34. Be1 Rb5 35. Bf2 Kc6 36. Ra8 Kd7 37. Rh8 a4 38. Rxh7 a3 39. Bd4 a2 40. Bxf6 Ke6 41. Bd4 Nb2 42. Rg7 a1Q 43. Rxg6+ Kd7 0-1